The calculus of observations : a treatise on numerical mathematics /

Guardado en:
Autor Principal: Whittaker, Edmund Taylor, 1873-
Otros Autores: Robinson, George.
Formato: Libro
Idioma:English
Publicado: London and Glasgow : Blackie & son, 1926.
Edición:2nd ed.
Materias:
Etiquetas: Agregar Etiqueta
Sin Etiquetas, Sea el primero en etiquetar este registro!
LEADER 00734nam a2200205ua 4500
001 MAT.inmabb002787
008 810915s1926####enk######b####001#0#eng##
005 20110908161620.0
245 1 4 |a The calculus of observations :  |b a treatise on numerical mathematics /  |c by E. T. Whittaker and G. Robinson. 
250 |a 2nd ed. 
260 |a London and Glasgow :  |b Blackie & son,  |c 1926. 
300 |a xvi, 395 p. :  |b tablas pleg. ;  |c 23 cm. 
504 |a Incluye referencias bibliográficas. 
100 1 |a Whittaker, Edmund Taylor,  |d 1873- 
700 1 |a Robinson, George. 
650 0 |a Numerical calculations. [from old catalog] 
084 |a 65-01  |2 msc2000 
010 |a  31001547  
040 |a DLC  |c CarP  |d DLC 
859 |h 65  |i W624  |p A-5240  |b BIB. MATEMATICA